000 00960nam a22002057i 4500
999 _c23308
_d23308
003 AR-CdUCM
008 250711b19661966 ag||||| |||| 00| 0 spa d
040 _aMUNICIPALIDAD PROVINCIAL DEL CUSCO
_cBIBLIOTECA MUNICIPAL DEL CUSCO
041 _hspa
082 _a747 / C74 / vol. I
_bC74 / vol. I
110 _aEditorial Codex S. A.
_951191
245 _aDecoralia /
260 _aBuenos Aires :
_bEditorial Codex
_c1966
300 _a175 páginas. :
_bIlustraciones
_c30x25 cm.
505 _aDecoración de departamentos -- Aquí vive una azafata -- La casa de un coleccionista
650 _aDecoraciones
_913524
650 _a
_951196
942 _2ddc
_cLIBROS
945 _apbjr
_d11-07-2005